00561nam a2200193Ia 450000500170000000800410001704000190005804100120007708200150008910000160010424501100012026000290023030000170025950400320027665000100030865100180031870000210033685000100035720260401130501.0131103s9999 xx 000 0 und d aLoreto College aEnglish a822.3bKYD aKyd, Thomas 4aThe Spanish Tragedy ca play written by Thomas Kyd; edited with a preface notes and glossary by J. Schick aLondonbJ. M. Dentc1901 axliii,146p.  aIncludes glossary and notes aDrama aEnglish Drama aSchick, J. ; ed. aLCBED